| 000 | 01129cad a22002295a 4500 | ||
|---|---|---|---|
| 001 | L137767 | ||
| 008 | 101026c2010 xxkmr ws ss 000 a0eng d | ||
| 035 | _a(Sirsi) u137767 | ||
| 041 | 0 | _aeng | |
| 110 | 2 |
_aInvestment Property Databank _92288 |
|
| 245 | 0 | 0 |
_aIPD UK monthly property index _h[electronic publication] |
| 260 |
_aLondon _bIPD _c2010 |
||
| 362 | 0 | _aCurrent monthly index only | |
| 490 | 0 | _aIPD UK Monthly Property Index | |
| 554 | _aMonthly | ||
| 590 | _aReports on commercial property performance, providing figures for total return, capital growth, income return and rental growth for all-property, retail, office and industrial sectors. A fast-moving indicator of current market conditions which tracks back in full to December 1987 and for a smaller number of assets to December 1970 (for subscribers). | ||
| 650 | 2 | 4 | _aIPD UK MONTHLY PROPERTY INDEX |
| 651 | 4 |
_aUnited Kingdom _y |
|
| 690 | _aPROPERTY-COMMERCIAL PROPERTY-COMMERCIAL PROPERTY MARKET | ||
| 856 | 4 | 0 |
_uhttps://www.ipd.com/OurProducts/Indices/UnitedKingdom/tabid/446/Default.aspx _z View the index free of charge at www.ipd.com |
| 942 | _n0 | ||
| 999 |
_c118910 _d118910 |
||